| 000 | 00630nam a22002177a 4500 | ||
|---|---|---|---|
| 001 | 00028696 | ||
| 005 | 20260406083724.0 | ||
| 008 | 260406b ag ||||| |||| 00| 0 spa d | ||
| 020 | _a8425333091 | ||
| 040 |
_aAR-CcCEOS _bspa _cAR-CcCEOS |
||
| 041 | _aspa | ||
| 080 | _a820-3(73) | ||
| 090 | _bSUL | ||
| 100 | 1 |
_aSullivan, William _91011 |
|
| 245 |
_aEl secreto de los Incas : _bLos misterios de una civilización perdida / _cWilliam Sullivan |
||
| 250 | _a1ª ed. | ||
| 264 |
_aBarcelona : _bGrijalbo, _cc1999. |
||
| 300 |
_a574 p. ; _c24x15 cm. |
||
| 655 | 0 |
_aliteratura estadounidense _938 _vnovela |
|
| 942 |
_2udc _cBK _n0 |
||
| 999 |
_c28729 _d28729 |
||